| 000 | 00834nam a22002777a 4500 | ||
|---|---|---|---|
| 003 | CHAP | ||
| 005 | 20220329140149.0 | ||
| 008 | 971013s1929 r 00010 d | ||
| 010 | _a47940 | ||
| 011 | _a48912 | ||
| 035 | _a53060 | ||
| 040 | _cCHAP | ||
| 090 | _aTesis | ||
| 100 | 0 | 0 |
_aVargas Vadillo, Juan. _9118114 |
| 245 | _aMemoria de los trabajos sobre aprovechamiento de las aguas del río San Antonio | ||
| 260 |
_aChapingo, Méx. : _bEl autor, _c1929 |
||
| 300 |
_as.p. _b: ilus. |
||
| 502 | _aTesis (Ing. Agrónomo) -- ENA. | ||
| 590 |
_aALEPH _b10 _c20130110 _lUCH01 _h1318 |
||
| 590 |
_aBATCH-UPD _b10 _c20130110 _lUCH01 _h2305 |
||
| 590 |
_aCONVERSION _b10 _c20130109 _lUCH01 _h1326 |
||
| 650 | 1 | 4 |
_aAgua _xAprovechamiento _xZacatecas. _92306 |
| 901 | _aBK | ||
| 942 | _cTESIS | ||
| 949 |
_bBC _cTES _d-117866 _eTS1 _i53060 _si |
||
| 999 |
_c47940 _d47940 |
||